[Event "1st Irena Warakomska Memorial"]
[Site "Suwalki"]
[Date "2017.08.17"]
[Round "8"]
[White "Kashlinskaya, Alina"]
[Black "Jakubowski, Krzysztof"]
[Result "0-1"]
[WhiteElo "2440"]
[BlackElo "2515"]
[Annotator "TA"]
[PlyCount "163"]
[EventDate "2017.??.??"]
[EventType "swiss"]
[EventCountry "POL"]
[SourceTitle "playchess.com"]
[Source "ChessBase"]
[SourceQuality "1"]

{[%evp 21,163,29,24,16,24,3,37,25,27,34,29,27,27,14,31,30,26,31,36,27,33,31,36,36,43,6,53,0,16,0,0,0,0,0,0,0,0,-60,-58,-63,-42,-34,-18,-17,0,0,0,0,0,-27,-42,-44,-16,-54,-54,-122,-122,-122,-130,-136,-119,-119,-121,-124,-127,-115,-116,-122,-114,-114,-114,-95,-30,-22,-22,-22,0,-11,0,-22,-22,-22,-26,-27,-21,-16,0,-15,-15,-16,-16,-15,-15,-15,-15,-15,-15,-159,-159,-164,-164,-164,-8,-268,-268,-407,-268,-268,-145,-471,-375,-580,-576,-497,-454,-408,-355,-1579,-1213,-7255,-5614,-4656,-6611,-4622,-4618,-29977,-29978,-29980,-29980,-29981,-29982,-29982,-29984,-29984,-29984,-29985,-29985,-29987,-29987,-29989,-29988,-29988,-29989,-29994]} 1. d4 Nf6 2. c4 e6 3. Nf3 d5 4. Nc3 Nbd7 5. Bf4 dxc4 6. e3 Nd5 7. Bxc4 Nxf4 8. exf4 Nb6 {D37: Queen's Gambit Declined: 5 Bf4} 9. Bb3 Bd6 (9... g6 10. O-O Bg7 11. Re1 O-O 12. Ne5 c6 13. g3 Nd5 14. h4 Ne7 15. h5 Nf5 16. hxg6 hxg6 {0-1 (53) Shengelia,D (2573)-Berkes,F (2640) Baku 2016}) 10. g3 Bd7 11. O-O O-O {LiveBook: 5 Games} 12. Re1 Bc6 13. Qd3 Bxf3 14. Qxf3 c6 15. f5 exf5 $1 16. Qxf5 Bb4 $146 ({Find the theoretical novelty and annotate with similar games:} 16... Qd7 17. Qxd7 Nxd7 18. Rad1 Rad8 19. a3 Nf6 20. d5 cxd5 21. Nxd5 Nxd5 {0-1 (21) Nichols,A (1850)-Kelly,M (1800) IECG email 2005}) 17. Rad1 (17. a3 $5 {[%cal Ra3b4]} Bxc3 18. bxc3 $14) 17... Rc8 18. Re3 (18. Re5 {feels hotter.} Rc7 19. h4 Nd7 20. Re2 Nf6 21. Ne4) 18... g6 19. Qf3 Bxc3 20. bxc3 Rc7 21. Rde1 Nd5 22. Re5 Nf6 23. h4 Kg7 24. Qf4 (24. g4 $14) 24... h5 25. Qg5 Qd6 26. Bc2 Nh7 27. Qf4 Rd8 28. Qe3 (28. g4 $5 {[%cal Rg4h5]} Nf6 29. gxh5 Nxh5 30. Qg5 $14) 28... Nf6 {White should prevent ...Ng4.} 29. Qd3 (29. Bd1 $11) 29... c5 $15 {[%cal Rc5d4]} 30. Rd1 cxd4 31. cxd4 Rcd7 {[%cal Rd6d4]} 32. Qe2 Qb6 33. Bb3 Qb4 34. Rb5 Qa3 35. Qf3 b6 $36 {[%mdl 2048] Black has good play.} 36. Qf4 Qd6 {...Qxf4 is the strong threat.} 37. Re5 Qb4 {[%cal Rd7d4]} 38. d5 (38. Qe3 $15) 38... Qxf4 $17 39. gxf4 Ng4 40. Re2 Nh6 41. Kg2 Nf5 42. Kh3 Rc7 43. Rc2 Rdc8 44. Rc6 Rxc6 45. dxc6 Rxc6 {[%mdl 4096] Endgame White must now prevent ...Rc3+. KRB-KRN} 46. Rd7 Rf6 (46... Rc3+ $1 $17 47. Kg2 Nxh4+ 48. Kf1 a5 49. Rxf7+ Kh6) 47. Rxa7 $11 Nd4 48. Kg3 Nf5+ 49. Kh3 Nd4 (49... Nd6 {keeps more tension.} 50. Ra4 Nb7 51. Rb4 Nc5 52. Kg3 Rc6) 50. Kg3 Nxb3 51. axb3 {KR-KR} Rd6 52. Re7 Rd1 53. Re5 Rg1+ 54. Kf3 Rg4 55. Rb5 Rxh4 56. Rxb6 Rh3+ 57. Kg2 $1 {[%cal Rg2h3]} Rc3 58. b4 h4 59. f3 (59. Rd6 $11 {keeps the balance.}) 59... Rc4 $17 60. f5 {[#]} g5 $1 ({Reject} 60... gxf5 $6 61. b5 $11) 61. b5 Rc2+ $2 (61... Rf4 $19 62. Rc6 Rxf5) 62. Kg1 $2 {[%mdl 8192] [#]} (62. Kh3 $11 {and White has nothing to worry.}) 62... Rc5 $1 $19 63. Rb8 (63. Kg2 $142 Rxf5 64. Rb8) 63... Rxf5 64. Kg2 Kg6 (64... Kf6 $19 65. Rb6+ Ke7 66. Rb7+ Kd6) 65. b6 $2 {[%mdl 8192]} (65. Rg8+ $17 {nothing else works.} Kf6 66. b6) 65... Rb5 66. f4 (66. Rg8+ $142 Kf5 67. Rg7) 66... Rb2+ 67. Kf3 Rb3+ 68. Ke4 f5+ 69. Ke5 $2 (69. Kd5 g4 70. Kc6) 69... Rb5+ 70. Ke6 gxf4 71. b7 f3 72. Rg8+ Kh5 73. b8=Q Rxb8 {Black mates.} 74. Rxb8 {KR-K3P} f2 75. Rb1 Kg4 76. Ke5 h3 77. Kd4 Kf3 78. Kd3 f4 {[%cal Bf5f4,Bf4f3][%mdl 32]} 79. Kd2 Kg2 80. Ke2 f3+ 81. Ke3 f1=Q 82. Ke4 {Precision: White = 37%, Black = 61%.} 0-1

[Event "1st Irena Warakomska Memorial"]
[Site "Suwalki"]
[Date "2017.08.17"]
[Round "8"]
[White "Zawadzka, Jolanta"]
[Black "Wisniewski, Michal"]
[Result "1-0"]
[WhiteElo "2420"]
[BlackElo "2180"]
[Annotator "TA"]
[PlyCount "117"]
[EventDate "2017.??.??"]
[EventType "swiss"]
[EventCountry "POL"]
[SourceTitle "playchess.com"]
[Source "ChessBase"]
[SourceQuality "1"]

{[%evp 21,117,38,30,18,7,9,11,11,87,98,95,79,92,93,59,75,45,54,63,55,45,35,62,-34,-27,-45,-19,-73,-77,-101,-77,-75,-49,-90,-71,-116,0,-33,72,58,112,106,119,123,112,120,126,63,114,106,115,108,131,129,161,60,68,62,73,22,147,136,141,132,190,195,481,531,755,742,714,725,712,637,607,607,686,727,891,762,938,552,1214,1195,1418,1214,1497,1214,1214,1136,2365,2265,2075,1981,5097,4806,6520,6439]} 1. e4 c5 2. Nf3 d6 3. Bb5+ Nc6 4. O-O Bd7 5. Re1 Nf6 6. h3 a6 7. Bf1 e6 {B51: Sicilian: Moscow Variation (3 Bb5+) without 3...Bd7} 8. c3 Be7 9. d4 cxd4 10. cxd4 d5 11. e5 Ne4 {LiveBook: 31 Games} 12. Nbd2 Nxd2 13. Bxd2 Qb6 14. Bc3 g5 $146 (14... O-O $11) ({Predecessor:} 14... O-O 15. Bd3 {½-½ (36) Bartel,M (2635)-Eliseev,U (2486) St Petersburg 2012}) 15. Qd2 $16 Rg8 16. Nh2 h5 17. Be2 g4 18. hxg4 hxg4 19. Nxg4 O-O-O 20. g3 (20. Reb1 $5 {[%cal Rb2b4]}) 20... Rg6 21. Kg2 Rdg8 22. Ne3 (22. Qd1 $14) 22... f6 23. exf6 Bxf6 24. Rad1 {[#]} (24. Bh5 $11 Rg5 25. Rh1) 24... Qc7 $1 $17 {[%cal Rg6g3][%mdl 1024] ( -> ...Rxg3+!). Black has strong compensation.} 25. Nf1 {[%cal Be3f1,Bf1h2,Bh2f3][%mdl 32]} Kb8 26. Bh5 Bg5 27. Qe2 Rh6 28. Bg4 Qc8 (28... Rgh8 $17) 29. Nh2 Rgh8 {[#]} (29... Bd8 $15 {stays ahead.}) 30. Rh1 $1 $16 ({But not} 30. Nf3 e5 $11) 30... Bf6 (30... e5 $14) 31. Nf3 Rxh1 32. Rxh1 Rxh1 33. Kxh1 Qh8+ 34. Kg1 (34. Kg2 $16) 34... Nxd4 ({Black should play} 34... Qg7 $1 $14 35. Ne5 (35. Bxe6 $2 Qe7 $19) 35... Bxe5 36. dxe5 d4) 35. Bxd4 Bxd4 36. Bxe6 Bc6 37. Qd2 Bb6 38. Qf4+ ({Better is} 38. Bxd5 $18 Bxd5 39. Qxd5) 38... Ka8 $14 39. Qe5 Qe8 40. Bf5 ({White should try} 40. Qf5 $16) 40... Qxe5 (40... Qf8 $11 {remains equal.}) 41. Nxe5 $11 {[%mdl 4096] Endgame KBB-KBN} Bd4 42. Nd3 Bb5 (42... a5 $16 {was called for.} 43. Kg2 Kb8) 43. b3 $18 Bxd3 $2 (43... a5 {was worth a try.} 44. Nf4 Kb8 45. Nxd5 a4) 44. Bxd3 {KB-KB. White is clearly winning.} Kb8 45. Kg2 Kc7 46. f4 {[%cal Bf2f4,Bf4f5,Bf5f6][%mdl 32]} Kd6 47. Kf3 Bg7 48. g4 {[%cal Bg3g4,Bg4g5][%mdl 32]} Bb2 49. g5 Ke6 50. Kg4 a5 51. f5+ Ke5 52. Kh5 Kd6 53. Kg6 Ke7 54. f6+ Ke6 55. Bf5+ Ke5 {[#]} 56. b4 $1 {[%mdl 512]} Ba3 (56... axb4 57. f7) 57. bxa5 d4 58. Bc2 Bb4 59. Kg7 {Precision: White = 52%, Black = 41%.} 1-0

[Event "1st Irena Warakomska Memorial"]
[Site "Suwalki"]
[Date "2017.08.17"]
[Round "8"]
[White "Cukrowski, Filip"]
[Black "Markowski, Tomasz"]
[Result "0-1"]
[WhiteElo "2413"]
[BlackElo "2552"]
[Annotator "TA"]
[PlyCount "92"]
[EventDate "2017.??.??"]
[EventType "swiss"]
[EventCountry "POL"]
[SourceTitle "playchess.com"]
[Source "ChessBase"]
[SourceQuality "1"]

{[%evp 18,92,0,0,0,0,0,0,0,-20,-20,-21,-19,-72,9,11,26,15,12,12,13,19,18,8,13,8,25,0,13,0,0,0,-3,-22,-29,-36,-14,-23,5,5,0,-12,0,-43,-56,-85,-73,-73,-75,-78,0,-302,-287,-310,-314,-315,-283,-306,-302,-308,-286,-338,-347,-432,-425,-537,-506,-514,-506,-509,-410,-1636,-745,-631,-587,-29940,-12761]} 1. e4 e6 2. d4 d5 3. Nd2 c5 4. exd5 exd5 5. Ngf3 Nf6 6. Be2 Nc6 7. O-O cxd4 8. Nb3 Bd6 {C08: French Tarrasch: 3...c5 4 exd5 exd5 sidelines} 9. Nbxd4 O-O 10. Bg5 {LiveBook: 3 Games} h6 {The position is equal.} 11. Bh4 Re8 12. Re1 (12. Nb5 Bf4 13. c4 a6 14. Nc3 dxc4 15. Qxd8 Rxd8 16. Bxf6 gxf6 17. Bxc4 {½-½ (75) Fedoseev,V (2665)-Ponkratov,P (2589) Sochi 2016}) 12... Bc5 $146 ({Find the theoretical novelty and annotate with similar games:} 12... Bg4 13. Nb5 Bb8 14. c3 a6 15. Nbd4 {½-½ (55) Gast,J (2260)-Vulevic,V (2335) Switzerland 1996}) 13. Nb3 Bb6 14. c4 g5 15. c5 {[#]} (15. cxd5 $11 {remains equal.} Qxd5 16. Qxd5 Nxd5 17. Bg3) 15... Bc7 (15... Ba5 $1 $17 {[%cal Ra5e1]} 16. Nxa5 Qxa5) 16. Bg3 $11 Bxg3 17. hxg3 Ne4 18. Nfd4 Qf6 19. Bf3 Bd7 20. Rc1 Re5 21. Nxc6 Bxc6 22. Qd4 Kg7 23. Nd2 Re6 24. Qxf6+ Nxf6 25. Rxe6 fxe6 26. Be2 e5 27. b4 {[%cal Bb2b4,Bb4b5][%mdl 32]} d4 28. b5 Bd5 $36 {[%mdl 2048] Black fights for an advantage.} 29. f3 Rc8 30. Nb3 Kf7 31. Kf2 Nd7 32. Bc4 Ke6 $1 33. Bd3 Kf6 (33... h5 $17) 34. Bc4 $2 {[%mdl 8192]} (34. Rh1 $11 {and White stays safe.}) 34... Nxc5 $19 {[#] Hoping for ...Bxc4.} 35. Ke2 Na4 36. Bxd5 Rxc1 37. Nxc1 Nc3+ 38. Kd3 Nxd5 {[%mdl 4096] Endgame KN-KN} 39. Nb3 b6 40. a4 h5 {[%cal Bh6h5,Bh5h4][%mdl 32]} 41. a5 h4 42. axb6 axb6 43. Nd2 Kf5 44. gxh4 (44. Nf1 $142) 44... gxh4 (44... Nf4+ $142 45. Kc4 gxh4) 45. Ke2 Nc3+ 46. Kf2 e4 {Precision: White = 29%, Black = 63%.} 0-1

[Event "1st Irena Warakomska Memorial"]
[Site "Suwalki"]
[Date "2017.08.17"]
[Round "8"]
[White "Sagar, Shah"]
[Black "Krzyzanowski, Marcin"]
[Result "0-1"]
[WhiteElo "2397"]
[BlackElo "2464"]
[Annotator "TA"]
[PlyCount "58"]
[EventDate "2017.??.??"]
[EventType "swiss"]
[EventCountry "POL"]
[SourceTitle "playchess.com"]
[Source "ChessBase"]
[SourceQuality "1"]

{[%evp 24,58,40,22,45,40,43,49,43,14,53,16,18,2,6,0,4,-47,-10,-90,0,-211,-212,-454,-447,-508,-355,-1338,-1276,-1312,-678,-686,-661,-1160,-1145,-29989,-29990]} 1. Nf3 g6 2. g3 Bg7 3. d4 Nf6 4. Bg2 O-O 5. c4 d6 6. Nc3 Nc6 7. O-O a6 8. Bf4 Rb8 {E63: King's Indian: Fianchetto: Panno Variation with 7...a6} 9. Rc1 h6 (9... Bd7 10. Qd2 b5 11. Nd5 bxc4 12. Nxf6+ Bxf6 13. Rxc4 e5 14. dxe5 Nxe5 15. Nxe5 dxe5 {1-0 (47) Svidler,P (2727)-Jones,G (2623) Berlin 2015}) 10. h3 g5 11. Be3 g4 12. hxg4 Nxg4 13. Qd2 {LiveBook: 9 Games} Nxe3 14. Qxe3 e5 15. dxe5 Re8 {[%cal Rc6e5]} 16. Rfd1 Nxe5 17. Nxe5 Rxe5 18. Qa7 $146 Bd7 19. Bxb7 h5 $1 20. b3 (20. c5 $11 Rxc5 21. Nd5) 20... h4 $1 $15 {Threatening ...hxg3.} 21. Rd3 (21. Bxa6 $2 hxg3 22. fxg3 Ra8 $19) (21. Bf3 $1 $11) 21... hxg3 ({Black should play} 21... c6 $1 $17 {And now ...Qc7 would win.} 22. Rxd6 hxg3 23. fxg3 Qg5 24. Qxb8+ Re8 25. Qxe8+ (25. Qc7 $2 Qxg3+ 26. Kh1 Re5 $19) 25... Bxe8) 22. fxg3 $2 {[#]} (22. Rxg3 $11 Rg5 23. Bg2 Rxg3 24. fxg3) 22... c6 $1 $19 {Threatens to win with ...Qc7.} 23. Rxd6 $2 {[#]} (23. Bxa6 {keeps fighting.} Bh3 24. Rcd1) 23... Qg5 $1 {[%cal Rg5g3]} 24. Kg2 Rbe8 25. Rf1 $2 (25. Rxd7 Qxc1 26. Qf2) 25... Re3 26. Rf3 Bg4 27. Rxe3 Rxe3 28. Qb8+ Kh7 29. Bxc6 Bxc3 {Precision: White = 25%, Black = 75%.} 0-1

[Event "1st Irena Warakomska Memorial"]
[Site "Suwalki"]
[Date "2017.08.17"]
[Round "8"]
[White "Kaczmarek, Aleksander"]
[Black "Mastrovasilis, Dimitrios"]
[Result "1-0"]
[WhiteElo "2368"]
[BlackElo "2596"]
[Annotator "TA"]
[PlyCount "63"]
[EventDate "2017.??.??"]
[EventType "swiss"]
[EventCountry "POL"]
[SourceTitle "playchess.com"]
[Source "ChessBase"]
[SourceQuality "1"]

{[%evp 19,63,11,27,9,16,6,0,0,0,0,0,0,0,0,0,0,0,0,0,0,0,-18,0,-18,106,96,108,100,99,92,104,92,315,300,493,429,493,431,483,460,2639,1358,29993,29989,29989,29990]} 1. e4 c5 2. Nf3 e6 3. d4 cxd4 4. Nxd4 Nc6 5. Nc3 Qc7 6. Nb3 a6 {B47: Sicilian: Taimanov: 5 Nc3 Qc7 6 f4, 6 g3 and 6 Be2} (6... Nf6 7. Bd3 a6 8. f4 d6 9. Qe2 b5 10. a4 b4 11. Nd1 Be7 12. Be3 e5 13. f5 g6 14. g4 {0-1 (39) Fernandez,L (2402)-Pichot,A (2577) Medellin 2017}) 7. f4 b5 8. Bd3 d6 9. O-O Nf6 10. Qf3 Bb7 {LiveBook: 29 Games} 11. Bd2 Be7 12. Kh1 O-O 13. Rae1 Nb4 14. Nxb5 axb5 15. Bxb4 Rxa2 16. Qh3 d5 $146 (16... Rxb2 $6 17. e5 $16) 17. e5 Ne4 18. Bc3 g6 19. Bd4 b4 20. Qe3 Rc8 21. Rf3 (21. Ra1 $5 {[%cal Ra1a2]} Rca8 22. g3 $11) 21... Nc5 (21... Ba6 $11 {remains equal.}) 22. Nxc5 $1 $16 Bxc5 {[#]} 23. f5 $1 {[%cal Rf5e6][%mdl 512] fxe6 is the strong threat.} Bxd4 (23... exf5 $6 24. e6 $11) 24. Qxd4 exf5 {[#]} 25. Bxf5 $1 {[%mdl 512] And now e6 would win.} Qc4 $2 {[#]} (25... Rca8 $16 {might work better.}) (25... gxf5 26. Rg3+) 26. Qd2 $1 $18 Re8 $2 ({But not} 26... gxf5 $2 27. Rg3+ Kh8 28. Qh6 $18) (26... d4) 27. Bd7 Re7 28. e6 fxe6 29. Bxe6+ Kg7 (29... Rxe6 $142 30. Rxe6 Ra1+ 31. Re1 Qxc2 32. Rf8+ Kxf8 33. Qxb4+ (33. Qxc2 $2 {is a self mate.} Rxe1#) 33... Kg8 34. Rxa1 Qc7) 30. Qf2 {Rf7+ would kill now.} Ra6 31. b3 Raxe6 32. Rxe6 {Precision: White = 69%, Black = 36%.} (32. bxc4 $2 {perishes.} Rxe1+ 33. Qg1 Rxg1+ $19) 1-0

[Event "1st Irena Warakomska Memorial"]
[Site "Suwalki"]
[Date "2017.08.17"]
[Round "8"]
[White "Zylka, Stanislaw"]
[Black "Czarnota, Pawel"]
[Result "1/2-1/2"]
[WhiteElo "2368"]
[BlackElo "2577"]
[Annotator "TA"]
[PlyCount "56"]
[EventDate "2017.??.??"]
[EventType "swiss"]
[EventCountry "POL"]
[SourceTitle "playchess.com"]
[Source "ChessBase"]
[SourceQuality "1"]

{[%evp 21,56,22,29,40,41,24,39,0,29,27,32,26,60,40,70,57,68,69,63,65,62,59,60,57,59,75,102,96,135,128,197,206,181,186,217,218,243]} 1. d4 Nf6 2. Nf3 g6 3. g3 Bg7 4. Bg2 O-O 5. O-O d6 6. Nc3 Nbd7 7. e4 e5 8. Re1 Re8 9. h3 a6 {B07: Pirc Defence: Miscellaneous Systems} 10. a4 exd4 11. Nxd4 Nc5 {LiveBook: 4 Games. The position is equal.} (11... Rb8 12. Bf4 {½-½ (35) Vitiugov,N (2726)-Mamedov,R (2688) Doha 2016}) 12. a5 Bd7 13. Kh2 Rb8 14. b3 $146 ({Predecessor:} 14. Ra3 b5 15. axb6 Rxb6 {0-1 (24) Ider,B (2379)-Moingt,J (2221) Le Port Marly 2014}) 14... Ne6 {aiming for ...Nxd4.} 15. Nde2 h5 16. Be3 h4 17. g4 g5 18. Qd2 Nh7 19. Rad1 Be5+ 20. Kg1 Nhf8 21. f4 gxf4 22. Nxf4 Nxf4 23. Bxf4 Ng6 {[#]} 24. Be3 $1 Bc6 {[#]} 25. Rf1 $1 Qe7 (25... Re6 $16) 26. Rf5 $18 {White is clearly better.} Qf8 27. Rdf1 Qg7 28. Ne2 Bd7 {Precision: White = 76%, Black = 35%.} 1/2-1/2

[Event "1st Irena Warakomska Memorial"]
[Site "Suwalki"]
[Date "2017.08.17"]
[Round "8"]
[White "Stoma, Pawel"]
[Black "Jaroch, Karol"]
[Result "1-0"]
[WhiteElo "2348"]
[BlackElo "2235"]
[Annotator "NA"]
[PlyCount "87"]
[EventDate "2017.??.??"]
[EventType "swiss"]
[EventCountry "POL"]
[SourceTitle "playchess.com"]
[Source "ChessBase"]
[SourceQuality "1"]
[TimeControl "40/5400+30:1800+30"]

1. e4 {[%emt 0:00:00]} e6 {[%emt 0:00:01]} 2. d3 {[%emt 0:00:00]} d5 {[%emt 0:00:06]} 3. Nd2 {[%emt 0:00:00]} c5 {[%emt 0:00:04]} 4. Ngf3 {[%emt 0:00:06]} Nc6 {[%emt 0:00:14]} 5. Be2 {[%emt 0:00:15]} Nf6 {[%emt 0:00:10]} 6. O-O {[%emt 0:00:07]} Be7 {[%emt 0:02:18]} 7. Re1 {[%emt 0:00:21]} O-O {[%emt 0:01:00]} 8. Bf1 {[%emt 0:00:09]} b5 {[%emt 0:05:10]} 9. g3 {[%emt 0:07:52]} Qb6 {[%emt 0:10:28]} 10. Bg2 {[%emt 0:03:53]} dxe4 {[%emt 0:17:18]} 11. dxe4 {[%emt 0:00:52]} e5 {[%emt 0:00:34]} 12. a4 {[%emt 0:01:01]} b4 {[%emt 0:14:45]} 13. Nc4 {[%emt 0:10:17]} Qc7 {[%emt 0:08:09]} 14. Bg5 {[%emt 0:01:12]} Rd8 {[%emt 0:01:31]} 15. Nfd2 {[%emt 0:02:00]} Ne8 {[%emt 0:06:03]} 16. Bxe7 {[%emt 0:06:56]} Nxe7 {[%emt 0:00:17]} 17. c3 {[%emt 0:01:49]} Be6 {[%emt 0:00:34]} 18. Qc2 {[%emt 0:01:25]} Rab8 {[%emt 0:00:51]} 19. Rad1 {[%emt 0:03:33]} f6 {[%emt 0:00:13]} 20. Bf1 {[%emt 0:02:10]} Qc6 {[%emt 0:07:02]} 21. Na5 {[%emt 0:04:50]} Qb6 {[%emt 0:00:17]} 22. Bc4 {[%emt 0:02:32]} Nc7 {[%emt 0:00:20]} 23. Bxe6+ {[%emt 0:01:52]} Nxe6 {[%emt 0:00:23]} 24. Ndc4 {[%emt 0:00:40]} Qc7 {[%emt 0:00:24]} 25. Rxd8+ {[%emt 0:00:22]} Rxd8 {[%emt 0:00:11]} 26. Kg2 {[%emt 0:08:02]} Kf8 {[%emt 0:00:39]} 27. Rd1 {[%emt 0:00:40]} bxc3 {[%emt 0:00:52]} 28. bxc3 {[%emt 0:00:15]} Rxd1 {[%emt 0:00:30]} 29. Qxd1 {[%emt 0:00:03]} Qd8 {[%emt 0:12:30]} 30. Qd6 {[%emt 0:05:34]} Qxd6 {[%emt 0:01:38]} 31. Nxd6 {[%emt 0:00:03]} Ng6 {[%emt 0:01:00]} 32. Nc6 {[%emt 0:07:17]} a6 {[%emt 0:00:17]} 33. Kf3 {[%emt 0:00:03]} Ne7 {[%emt 0:02:19]} 34. Nb8 {[%emt 0:02:18]} a5 {[%emt 0:00:43]} 35. Nd7+ {[%emt 0:00:22]} Kg8 {[%emt 0:00:05]} 36. Ke3 {[%emt 0:00:32]} c4 {[%emt 0:04:53]} 37. Nxc4 {[%emt 0:00:19]} Nc8 {[%emt 0:00:12]} 38. Nxa5 {[%emt 0:03:13]} Kf7 {[%emt 0:00:05]} 39. Nc6 {[%emt 0:00:41]} Nd6 {[%emt 0:03:33]} 40. Nb6 {[%emt 0:00:00]} Nc5 {[%emt 0:00:21]} 41. a5 {[%emt 0:05:13]} Ke6 {[%emt 0:01:55]} 42. Nb4 {[%emt 0:05:39]} Ndxe4 {[%emt 0:01:31]} 43. a6 {[%emt 0:00:38]} Nxa6 {[%emt 0:00:04]} 44. Kxe4 {[%emt 0:00:10]} 1-0

[Event "1st Irena Warakomska Memorial"]
[Site "Suwalki"]
[Date "2017.08.17"]
[Round "8"]
[White "Plichta, Kamil"]
[Black "Molenda, Marcin"]
[Result "1/2-1/2"]
[WhiteElo "2341"]
[BlackElo "2420"]
[Annotator "TA"]
[PlyCount "92"]
[EventDate "2017.??.??"]
[EventType "swiss"]
[EventCountry "POL"]
[SourceTitle "playchess.com"]
[Source "ChessBase"]
[SourceQuality "1"]

{[%evp 17,92,-28,0,0,-5,-18,4,11,35,0,42,39,42,26,35,22,57,56,71,71,61,54,55,55,104,6,6,0,0,0,0,0,0,0,0,0,0,0,0,0,0,0,0,-16,-16,-16,-16,-16,-16,-35,-16,-35,-30,-41,0,-50,0,-62,0,-21,0,-16,0,-10,0,0,0,-10,0,-10,-10,-22,-22,-31,-10,-10,0]} 1. e4 c5 2. Nf3 e6 3. d3 Nc6 4. g3 g6 5. Bg2 Bg7 6. O-O Nge7 7. Nbd2 O-O 8. Re1 d6 9. a4 {[%cal Ba2a4,Ba4a5][%mdl 32]} b6 {LiveBook: 9 Games} 10. h4 {A04: Unusual lines after 1 Nf3 and King's Indian Attack} (10. Nc4 Rb8 11. c3 a6 12. h4 b5 13. axb5 axb5 14. Ne3 b4 15. Bd2 bxc3 16. bxc3 e5 17. h5 f6 18. hxg6 hxg6 {1-0 (63) Shoker,S (2477)-Bauer,C (2618) Saint-Quentin 2015}) 10... h5 11. c3 (11. e5 $5) 11... Qc7 $146 ({Predecessor:} 11... d5 12. e5 f6 13. exf6 Bxf6 14. Nf1 Nf5 15. Bg5 Kg7 16. Bxf6+ Qxf6 17. Qe2 Re8 {1-0 (68) Amin,B-Nakamura,H Cannes 1997}) 12. Nc4 Ne5 13. a5 {[#] Strongly threatening axb6.} b5 (13... Nxc4 {keeps more tension.} 14. dxc4 Ba6 15. axb6 axb6 16. Bf1 Bb7) 14. Ncxe5 dxe5 15. Be3 Rd8 16. Qc2 Rb8 17. Rec1 Rd7 18. b4 cxb4 19. cxb4 Qxc2 20. Rxc2 a6 {[#]} 21. Bf1 (21. Rac1 $1 $16) 21... Bb7 $11 22. Rac1 {With the idea Rc7.} Rc8 23. Rxc8+ Nxc8 24. Nd2 Bf8 $1 25. Bc5 Bxc5 26. Rxc5 Ne7 27. Nf3 f6 {next ...Nc6 is good for Black.} 28. Ne1 Nc6 29. Nc2 Kf7 30. f3 Ke7 31. Kf2 Kd6 {White must now prevent ...Nxb4!} 32. Rc3 g5 33. Be2 Rg7 34. Rb3 Rc7 {aiming for ...gxh4.} 35. Rc3 Rg7 36. Rb3 Bc8 37. Rb1 (37. hxg5 $11 fxg5 38. Rb1) 37... Bd7 (37... gxh4 $15 38. gxh4 Rc7) 38. Rd1 Kc7 39. Rc1 Kd6 40. Rd1 Kc7 41. hxg5 fxg5 42. Rh1 Be8 43. Ke3 Kd6 44. Rb1 Rc7 45. Kd2 Rh7 46. Ke3 Rc7 {Precision: White = 44%, Black = 40%.} 1/2-1/2

[Event "1st Irena Warakomska Memorial"]
[Site "Suwalki"]
[Date "2017.08.17"]
[Round "8"]
[White "Szustakowski, Antoni"]
[Black "Teclaf, Pawel"]
[Result "1/2-1/2"]
[WhiteElo "2235"]
[BlackElo "2373"]
[Annotator "NA"]
[PlyCount "85"]
[EventDate "2017.??.??"]
[EventType "swiss"]
[EventCountry "POL"]
[SourceTitle "playchess.com"]
[Source "ChessBase"]
[SourceQuality "1"]
[TimeControl "40/5400+30:1800+30"]

1. d4 {[%emt 0:00:00]} e6 {[%emt 0:00:14]} 2. c4 {[%emt 0:00:00]} b6 {[%emt 0:00:04]} 3. e4 {[%emt 0:00:04]} Bb7 {[%emt 0:00:05]} 4. Bd3 {[%emt 0:00:09]} Nc6 {[%emt 0:00:16]} 5. Ne2 {[%emt 0:11:17]} Nb4 {[%emt 0:00:18]} 6. Nbc3 {[%emt 0:02:22]} Nxd3+ {[%emt 0:00:43]} 7. Qxd3 {[%emt 0:00:02]} Ne7 {[%emt 0:05:09]} 8. d5 {[%emt 0:13:55]} Ng6 {[%emt 0:05:52]} 9. f4 {[%emt 0:07:29]} Bc5 {[%emt 0:05:47]} 10. Be3 {[%emt 0:05:08]} exd5 {[%emt 0:13:39]} 11. cxd5 {[%emt 0:09:05]} Ba6 {[%emt 0:03:55]} 12. Qxa6 {[%emt 0:07:51]} Bxe3 {[%emt 0:00:11]} 13. g3 {[%emt 0:00:06]} Bc5 {[%emt 0:16:48]} 14. O-O-O {[%emt 0:05:14]} Ne7 {[%emt 0:09:31]} 15. Qd3 {[%emt 0:06:33]} O-O {[%emt 0:01:21]} 16. g4 {[%emt 0:04:03]} d6 {[%emt 0:01:11]} 17. f5 {[%emt 0:01:38]} c6 {[%emt 0:02:14]} 18. Nf4 {[%emt 0:02:52]} cxd5 {[%emt 0:00:43]} 19. exd5 {[%emt 0:00:29]} Re8 {[%emt 0:03:12]} 20. Ne4 {[%emt 0:04:49]} Qc8 {[%emt 0:02:11]} 21. Kb1 {[%emt 0:01:02]} Nxf5 {[%emt 0:01:25]} 22. gxf5 {[%emt 0:00:12]} Qxf5 {[%emt 0:00:08]} 23. Nxc5 {[%emt 0:00:01]} Qxf4 {[%emt 0:00:05]} 24. Nb3 {[%emt 0:00:42]} Re3 {[%emt 0:00:22]} 25. Qc2 {[%emt 0:01:54]} Rae8 {[%emt 0:01:28]} 26. Nc1 {[%emt 0:01:54]} Qe5 {[%emt 0:02:23]} 27. Rd3 {[%emt 0:02:38]} Rxd3 {[%emt 0:00:36]} 28. Qxd3 {[%emt 0:00:24]} f5 {[%emt 0:00:10]} 29. Rf1 {[%emt 0:02:13]} g6 {[%emt 0:00:35]} 30. Rf2 {[%emt 0:04:28]} Rc8 {[%emt 0:00:04]} 31. Re2 {[%emt 0:01:00]} Qf4 {[%emt 0:00:29]} 32. Qd2 {[%emt 0:01:34]} Qf3 {[%emt 0:00:24]} 33. Re7 {[%emt 0:01:26]} Kf8 {[%emt 0:01:33]} 34. Qg5 {[%emt 0:02:50]} Rxc1+ {[%emt 0:01:40]} 35. Kxc1 {[%emt 0:00:00]} Qh1+ {[%emt 0:00:10]} 36. Kd2 {[%emt 0:00:37]} Qxd5+ {[%emt 0:00:06]} 37. Ke2 {[%emt 0:01:31]} Qc4+ {[%emt 0:00:05]} 38. Kf2 {[%emt 0:00:42]} Qd4+ {[%emt 0:00:04]} 39. Kg2 {[%emt 0:00:38]} h6 {[%emt 0:01:41]} 40. Qe3 {[%emt 0:00:00]} Qg4+ {[%emt 0:00:04]} 41. Kf1 {[%emt 0:02:09]} Qc4+ {[%emt 0:01:51]} 42. Kg1 {[%emt 0:05:07]} Qg4+ {[%emt 0:00:06]} 43. Kf1 {[%emt 0:00:22]} 1/2-1/2